[Event "Kuala Lumpur UM KPT op"]
[Site "Kuala Lumpur"]
[Date "2016.12.18"]
[Round "9"]
[White "Mohd Sharkawi, Hadi"]
[Black "Qamar, Asadullah"]
[Result "1-0"]
[WhiteElo "1554"]
[BlackElo "1614"]
[PlyCount "91"]
[EventDate "2016.12.16"]
[EventType "swiss"]
[EventRounds "9"]
[EventCountry "MAS"]
[SourceTitle "CBM 176 Extra"]
[Source "ChessBase"]
[SourceDate "2017.03.02"]
[SourceVersion "1"]
[SourceVersionDate "2017.03.02"]
[SourceQuality "1"]

1. d4 e6 2. c4 f5 3. Nf3 Nf6 4. g3 Be7 5. Bg2 d6 6. Bg5 0-0 7. Bxf6 Bxf6 8. 0-0 Qe8 9. Nc3 Qh5 10. e3 Nc6 11. Qb3 Rb8 12. d5 Na5 13. Qb5 b6 14. Nd4 e5 15. Nc6 Bd7 16. b4 Nxc6 17. dxc6 Be6 18. Bd5 Rbe8 19. Bxe6+ Rxe6 20. Qd5 Qf7 21. Nb5 Bd8 22. Nxa7 f4 23. exf4 exf4 24. Rae1 Rf6 25. Nb5 Kh8 26. Qxf7 R6xf7 27. Nd4 Bf6 28. Ne6 Ra8 29. Nxf4 Bc3 30. Re2 Bxb4 31. Nd5 Bc5 32. Kg2 g5 33. Rfe1 Raf8 34. f4 gxf4 35. Nxf4 Bb4 36. Rb1 Bc5 37. Re4 Ra8 38. Rb2 Ra4 39. Rbe2 Kg7 40. Ne6+ Kg6 41. Rf4 Rxf4 42. Nxf4+ Kf7 43. Nd5 Rxc4 44. Re7+ Kg6 45. Rxc7 Bd4 46. Rd7 1-0

[Event "Kuala Lumpur UM KPT op"]
[Site "Kuala Lumpur"]
[Date "2016.12.17"]
[Round "5"]
[White "Mohd Sharkawi, Hadi"]
[Black "Lee, Mun Kit Sean"]
[Result "1-0"]
[WhiteElo "1554"]
[BlackElo "1178"]
[PlyCount "51"]
[EventDate "2016.12.16"]
[EventType "swiss"]
[EventRounds "9"]
[EventCountry "MAS"]
[SourceTitle "CBM 176 Extra"]
[Source "ChessBase"]
[SourceDate "2017.03.02"]
[SourceVersion "1"]
[SourceVersionDate "2017.03.02"]
[SourceQuality "1"]

1. d4 d5 2. c4 c6 3. Nf3 e6 4. g3 Nf6 5. Bg2 c5 6. cxd5 Qxd5 7. 0-0 Qc6 8. Ne5 Qd6 9. Qa4+ Nbd7 10. Rd1 Qc7 11. Nc3 a6 12. Bf4 Bd6 13. Nb5 Qb6 14. Nxd6+ Qxd6 15. Nxf7 Qf8 16. Nxh8 Qxh8 17. dxc5 b5 18. cxb6 Rb8 19. Bxb8 Kf7 20. b7 Nc5 21. Qc6 Bd7 22. Qxc5 Qxb8 23. Rxd7+ Nxd7 24. Qc8 Qxc8 25. bxc8Q Ke7 26. Rd1 1-0

[Event "Kuala Lumpur UM KPT op"]
[Site "Kuala Lumpur"]
[Date "2016.12.16"]
[Round "1"]
[White "Mohd Sharkawi, Hadi"]
[Black "Yahaya, Muhd Nurislam"]
[Result "1/2-1/2"]
[WhiteElo "1554"]
[BlackElo "1728"]
[PlyCount "61"]
[EventDate "2016.12.16"]
[EventType "swiss"]
[EventRounds "9"]
[EventCountry "MAS"]
[SourceTitle "CBM 176 Extra"]
[Source "ChessBase"]
[SourceDate "2017.03.02"]
[SourceVersion "1"]
[SourceVersionDate "2017.03.02"]
[SourceQuality "1"]

1. d4 Nf6 2. c4 e5 3. dxe5 Ng4 4. Nf3 Nc6 5. Nc3 Bc5 6. e3 Ncxe5 7. Nxe5 Nxe5 8. Be2 0-0 9. 0-0 a5 10. Ne4 Ba7 11. b3 Bb8 12. Bb2 Qe7 13. Qd4 f6 14. c5 d6 15. cxd6 cxd6 16. Ba3 Nc6 17. Bc4+ Be6 18. Bxd6 Qd7 19. Qd1 Rd8 20. Bxb8 Bxc4 21. Qxd7 Rxd7 22. bxc4 Rxb8 23. Rab1 b6 24. Rfd1 Rbd8 25. Rxd7 Rxd7 26. g3 Ne5 27. Rxb6 Nxc4 28. Ra6 h6 29. Kg2 f5 30. Nc3 Rd3 31. Nb1 1/2-1/2